01432nam a2200265 a 450000100100000000500170001000800410002704000250006804100080009308200210010110000350012224501250015726000840028230000200036654600130038659000260039965100880042565100860051391000380059995201340063795201340077195201190090595201250102499900170114900003158920240315194505.0110627s1981 dr 000 0 spa d aDO-SdBNPbspacBNPHU07aeng a338.97293bD473i1 aDespradel, Carlosd1942-9928014aThe international situation :ba challenge to the Dominican Republic´s economy /cspeech delivered by Carlos Despradel. aSanto Domingo :bAmerican Chamber of Commerce of the Dominican Republic,c1981. a41 p. ;c21 cm. aInglés aInventariado, 2018/BT 4aRepública DominicanaxCondiciones EconómicasxEnsayos, Conferencias, Etc.92598 4aRepública DominicanaxPolítica EconómicaxEnsayos, Conferencias, Etc.91168 aValidado. Control de calidad. EMS 001054708DSaGRbGRcHDd2011-06-27iLF1l0o338.97293 D473ip31589-30r2020-06-25te. 3w2020-06-25yLFDSZPréstamo en sala 001054708DSaGRbGRcHDd2011-06-27iLF1l0o338.97293 D473ip31589-40r2020-06-25te. 4w2020-06-25yLFDSZPréstamo en sala 0010718PDaPDbPDcHDd2011-06-27iLF1l0o338.97293 D473ip31589-10r2020-06-25w2020-06-25yLFPDZNo se presta 0010718PDaPDbPDcHDd2011-06-27iLF1l0o338.97293 D473ip31589-20r2020-06-25te. 2w2020-06-25yLFPDZNo se presta c31081d31081